000
00344 a2200157 4500
001
61704
020
_a
9788537704530
040
_c
Anchieta - Pituba
100
_a
Mirim, Anhangá
240
1
0
_a
Américas assombradas
_l
por
245
1
0
_a
Américas assombradas
300
_a
43
362
0
_a
2008
650
4
_a
Literatura juvenil
942
_c
BK
999
_c
61704
_d
61704